000 00489nam a2200193Ia 4500
003 GCL
008 140319s9999 xx 000 0 eng d
040 _aGCL /
_cGCL
082 0 4 _a387,2044
_bL M
100 1 _aLIVEZEY, WILLIAM E.
245 1 0 _aMAHAN ON SEA POWER /
_cLIVEZEY, WILLIAM E.
260 _a[S.N] :
_bUNIVERSITY OF OKLAHOMA PRESS ،
_c1981
300 _a427 P
650 0 4 _aTRANSPORTATION
650 0 4 _aMARINE
650 0 4 _aCOMMERCE
650 0 4 _aSHIPS
942 _2ddc
_cBK
999 _c19661
_d19661